| 000 | 00866nam a2200229Ia 4500 | ||
|---|---|---|---|
| 001 | L203-2364 | ||
| 003 | IT-CnALBA | ||
| 008 | 170116s9999||||xx |||||||||||||| ||und|| | ||
| 040 |
_aIT-CnALBA _cIT-CnALBA |
||
| 041 | _aLATINO | ||
| 100 | _aHAGEN MARTINO | ||
| 245 | 0 | _aLEXICUM BIBLICUM. VOLL. I-III. | |
| 250 | _a1a ed. | ||
| 260 |
_a PARIS _bLETHIELLEUX P. EDIT. ET LIBR. _c1905 [1° Ed.:1905 - Ed.Ling.Originale: 1905] |
||
| 300 | _a1688 p. (prefazione: 1) | ||
| 500 | _aTABELLE GEOGRAFICHE. TABELLE E SCHEMI. PREFAZIONE SUPPLEMENTO NEL VOL. III. | ||
| 501 | _aSocietà San Paolo EM - Piazza San Paolo, 14 - 12051 ALBA (CN) (non commercial uses only) ® Copyright 2017 | ||
| 520 | _aTABELLE GEOGRAFICHE. TABELLE E SCHEMI. PREFAZIONE SUPPLEMENTO NEL VOL. III. | ||
| 650 | _aDIZIONARI ED ENCICLOPEDIE CATTOLICI | ||
| 942 | _cBK | ||
| 957 | _71 | ||
| 999 |
_a3340 _bSI _g Copie: 1 _c261548 _d261548 |
||